Statistics for Most Common First Names In The US: Extreme

Click here to take the quiz!

General Stats

  • This quiz has been taken 62 times
  • The average score is 54 of 100

Answer Stats

HintAnswer% Correct
JJohn
97%
JJames
95%
WWilliam
92%
MMichael
89%
DDaniel / Danielle / Daniella
87%
TThomas
87%
CChristopher
84%
DDavid
84%
JJoseph
84%
MMaria / Marie
82%
RRobert
82%
AAndrew
79%
CCharles
79%
MMark
79%
G / JGeorge / Jorge
76%
MMary
76%
PPaul
76%
SStephen
74%
EElizabeth
71%
JJacob
71%
KKevin
71%
MMatthew
71%
AAnna / Anne / Ana
68%
K / CKatherine
68%
RRichard
68%
BBenjamin
66%
BBrian
66%
C / KChristina / Christine / Kristen
66%
EEmily
66%
RRyan
66%
ZZachary
66%
JJason
63%
SSarah
63%
AAlexander
61%
AAmy
61%
EEdward
61%
GGregory
61%
JJoshua
61%
RRachel / Rachelle
61%
DDonna / Danna
58%
NNicholas
58%
RRonald
58%
SSamantha
58%
AAnthony
55%
JJennifer
55%
PPatrick
55%
SSamuel
55%
SSusan / Susanna / Susanne
55%
EEric
53%
JJordan
53%
JJulie / Julia
53%
KKenneth
53%
TTimothy
53%
AAmanda
50%
JJessica
50%
CCarolyn / Caroline / Carolina
47%
DDeborah
47%
KKimberly
47%
LLisa
47%
BBarbara
45%
CCarol / Carole
45%
JJeffrey
45%
MMargaret / Marguerite / Margarita
45%
MMichelle
45%
SScott
45%
AAaron
42%
RRebecca
42%
IIsabella / Isabelle
39%
LLaura / Lora / Lara
39%
PPatricia
39%
SShawn
39%
SSophia / Sophie
39%
AAngela / Angelle / Angel
37%
AAshley
37%
DDonald
37%
E / AEllen / Elena / Elaine / Alana
37%
KKelly
37%
LLinda
37%
NNicole / Nicola
37%
TTyler
37%
DDiane / Diana
34%
GGary
34%
JJonathan
34%
JJustin
34%
K / CKathleen
34%
MMegan
34%
SStephanie
34%
BBrandon
32%
GGabriel / Gabrielle / Gabriella
32%
SSandra
32%
KKaren
29%
LLauren / Lorena / Lorraine / Lorene
29%
DDennis / Denise
26%
MMelissa
26%
TTheresa
26%
NNancy
24%
TTerry
24%
C / KCaitlin
18%
CCynthia
18%
SSharon
16%

Score Distribution

Percentile by Number Answered

Percent of People with Each Score

Your Score History

You have not taken this quiz